000 00678nam a2200265Ia 4500
003 OSt
005 20221006160232.0
006 a|||||r|||| 00| 0
007 ta
008 221006b |||||||| |||| 00| 0 eng d
020 _a9788991193345
_cW17,000
024 _a44,701
037 _cAnnuals, Advances
040 _aEASL
_cEASL
_beng
041 _2eng
_aeng
082 _aM31.495, Q2
100 _aYoo Soyearn
_9672573
245 0 _aKorean kitchen
260 _aSeoul
_bLeescom Publishing
_c2012
300 _a248p.
_ccm.
490 _v KEL
650 _aKEL
942 _hM31.495, Q2
_cREF
_2CC
999 _c1112793
_d1112793